Responses for show #8324 - Thursday, January 28, 2021

Brian Chang game 8.
Zach Newkirk game 5.

Contestants

[<< previous game]

Jill Tucker, a development director from Mulino, Oregon

Zach Newkirk, an attorney from Alexandria, Virginia (whose 4-day cash winnings total $85,669)

Brian Chang, an attorney from Chicago, Illinois (whose 7-day cash winnings total $163,904)

[next game >>]

Jeopardy! Round responses

THE 5 W's, HISTORICALLY
THE SONG TITLE ON MY RADIO DISPLAY
(Ken: It got cut off and I'm gonna need your help finishing it.)
LITERATURE
(Ken: In honor of the 60th anniversary of the White House Historical Association...)
THE WHITE HOUSE
CLOTHING TIME
CALL A "CAB"
    $200 3
Hiroshima

Jill
    $200 7
(Ken: That's right; thank you for helping me finish the title.)

"Poker Face"

Brian
    $200 29
(Zach: What's The Cider House Rules?)

The World According to Garp

Zach
Triple Stumper
    $200 25
the West Wing

Jill
    $200 30
Kate Middleton

Zach
    $200 28
a cabinet

Zach
    $400 19
the Stone of Scone

Jill
    $400 24
"Big Girls Don't Cry"

Zach
    $400 21
(Brian: What is The War of the Worlds?)
(Zach: What is Invisible Man?)
...
(Ken: I'm sorry, Zach, we couldn't accept your answer because Ralph Ellison's Invisible Man is a different novel.)

The Invisible Man

BrianZach
Triple Stumper
    $400 23
Truman

Brian
    $400 26
(Ken: Yes, it's a knot.)

a tie

Brian
    $400 27
a cabana

Brian
    $600 10
Mandela

Brian
    $600 18
"Hey, Soul Sister"

Zach
    $600 20
Faust

Zach
    $600 14
the Blue Room

Brian
    $600 22
(Brian: What is Guess?)

Levi's

BrianZach
    $600 12
cabbage

Brian
    $800 8
July 2, 1776

Jill
    $800 17
(Jill: What is "New Bag"?)
(Ken: No, I'm sorry. Brian.)
(Brian: What is [*]?)
(Ken: Yes. We needed the whole song title, Jill. I'm sorry.)

"Papa's Got A Brand New Bag"

BrianJill
    $2,000 9
Richelieu

Jill
    $800 4
Brady

Brian
    $800 15
bloomers

Brian
    $800 11
cabernet

Brian
    $1000 6
Cambodia

Jill
    $1000 16
"Big Yellow Taxi"

Brian
    $1000 5
The Decameron

Brian
    $1000 2
Grover Cleveland

Zach
    $1000 13
Burberry

Zach
    $1000 1
a caballero

Zach

Scores at the first commercial break (after clue 15):

Brian Zach Jill
$5,400 $3,000 $4,000

Scores at the end of the Jeopardy! Round:

Brian Zach Jill
$7,400 $5,000 $3,800

Double Jeopardy! Round responses

WORDS & PHRASES
SCIENCE CLASS
THE COMICS
BIOGRAPHIES
THAT'S SO GORGE!
RESPONSES IN THE FORM OF A QUESTION
    $400 24
hardly working

Zach
    $400 26
mass

Brian
    $400 25
Calvin and Hobbes

Zach
    $400 6
River Phoenix

Brian
    $400 2
the Grand Canyon

Jill
    $400 21
"Am I my brother's keeper"

Brian
    $800 8
think tank

Jill
    $800 12
buoyancy

Zach
    $800 11
The Family Circus

Zach
    $800 3
Charlotte Brontë

Zach
    $800 30
Copper Canyon

Triple Stumper
    $800 19
Where's Waldo?

Triple Stumper
    $1200 9
Dear John letters

Brian
    $1200 16
El Niño

Jill
    $1200 29
Little Orphan

Brian
    $1200 1
The King's Speech

Jill
    $5,000 13
the Valley of the Kings

Zach
    $1200 20
"Do you really wanna hurt me?"

Zach
    $1600 10
precocious

Jill
    $1600 7
(Ken: Phobos the other.)

Deimos

Zach
    $1600 28
Non Sequitur

Jill
    $4,000 4
Trotsky

Zach
    $1600 14
the Yangtze

Brian
    $1600 23
Who's Afraid of Virginia Woolf?

Zach
    $2000 18
(Jill: What is morgantic?)
...
(Ken: The [*] side of the family.)

distaff

Jill
Triple Stumper
    $2000 17
the stigma

Triple Stumper
    $2000 27
The Katzenjammer Kids

Triple Stumper
    $2000 5
Oppenheimer

Zach
    $2000 15
Olduvai Gorge

Brian
    $2000 22
(Brian: What is "What light from yonder window breaks?")

"What light through yonder window breaks?"

BrianJill

Scores at the end of the Double Jeopardy! Round:

Brian Zach Jill
$12,600 $23,600 $10,600

[wagering suggestions for these scores]

Final Jeopardy! Round responses

20th CENTURY AUTHORS
JillWho is Jack [about 4 letters crossed out] Kerouac
$10,500
BrianWho is Kerouac?
$11,001
ZachWho is Kerouac?
$1,601
Jack Kerouac

Final scores:

Brian Zach Jill
$23,601 $25,201 $21,100
2nd place: $2,000 5-day champion: $110,870 3rd place: $1,000

Game dynamics:

Coryat scores:

Brian Zach Jill
$12,600 $17,400 $9,400
20 R,
3 W
20 R
(including 2 DDs),
2 W
13 R
(including 1 DD),
2 W

Combined Coryat: $39,400

The J! Archive is created by fans, for fans. The Jeopardy! game show and all elements thereof, including but not limited to copyright and trademark thereto, are the property of Jeopardy Productions, Inc. and are protected under law. This website is not affiliated with, sponsored by, or operated by Jeopardy Productions, Inc. Join the discussion at JBoard.tv.